AH International Schools' Libraries

I wonder why Romans wore togas / (Record no. 48058)

MARC details
000 -LEADER
fixed length control field 00257nam a2200097 4500
020 ## - INTERNATIONAL STANDARD BOOK NUMBER
International Standard Book Number 9780753440599
100 ## - MAIN ENTRY--PERSONAL NAME
Personal name Macdonald, Fiona,
Relator term author.
9 (RLIN) 54990
245 ## - TITLE STATEMENT
Title I wonder why Romans wore togas /
Statement of responsibility, etc by Fiona Macdonald.
300 ## - PHYSICAL DESCRIPTION
Extent 32 pages.
942 ## - ADDED ENTRY ELEMENTS (KOHA)
Source of classification or shelving scheme
Koha item type Book
Holdings
Withdrawn status Lost status Source of classification or shelving scheme Damaged status Not for loan Home library Current library Date acquired Total Checkouts Full call number Barcode Date last seen Date checked out Price effective from Koha item type
          Logos International School Logos International School 12/05/2024 1 J 937 MAC 040239 09/30/2025 09/09/2025 12/05/2024 Book

For any Logos Library related questions please contact Miss Art at swongnarasuk@asianhope.org.

For any Asian Hope Library related questions please contact Miss Raza at graza@asianhope.org.

Powered by Koha